International relations between the two world wars, 1919-1939. (Record no. 7113)
[ view plain ]
| 000 -LEADER | |
|---|---|
| fixed length control field | 01093cam a22002891 4500 |
| 001 - CONTROL NUMBER | |
| control field | 7415902 |
| 003 - CONTROL NUMBER IDENTIFIER | |
| control field | GZU |
| 005 - DATE AND TIME OF LATEST TRANSACTION | |
| control field | 20210505100137.0 |
| 008 - FIXED-LENGTH DATA ELEMENTS--GENERAL INFORMATION | |
| fixed length control field | 800429s1947 enkb 000 0 eng c |
| 010 ## - LIBRARY OF CONGRESS CONTROL NUMBER | |
| LC control number | a 48008249 |
| 035 ## - SYSTEM CONTROL NUMBER | |
| System control number | (OCoLC)6260625 |
| 040 ## - CATALOGING SOURCE | |
| Original cataloging agency | Harvard Univ. Libr. |
| Transcribing agency | OUrC |
| Modifying agency | OCoLC |
| -- | DLC |
| 050 00 - LIBRARY OF CONGRESS CALL NUMBER | |
| Classification number | D443 |
| Item number | .C29 1948 |
| 082 00 - DEWEY DECIMAL CLASSIFICATION NUMBER | |
| Classification number | 909.82 |
| 100 1# - MAIN ENTRY--PERSONAL NAME | |
| Personal name | Carr, Edward Hallett, |
| Dates associated with a name | 1892-1982. |
| 245 10 - TITLE STATEMENT | |
| Title | International relations between the two world wars, 1919-1939. |
| 260 ## - PUBLICATION, DISTRIBUTION, ETC. | |
| Place of publication, distribution, etc. | London : |
| Name of publisher, distributor, etc. | Macmillan, |
| Date of publication, distribution, etc. | 1947. |
| 300 ## - PHYSICAL DESCRIPTION | |
| Extent | viii, 302 p. : |
| Other physical details | maps. ; |
| Dimensions | 19 cm. |
| 500 ## - GENERAL NOTE | |
| General note | "First published under the title 'International relations since the peace treaties.'" |
| 505 2# - FORMATTED CONTENTS NOTE | |
| Formatted contents note | Appendices:--1. The Monroe doctrine.--2. Wilson's fourteen points.--3. Extracts from the Covenant of the League of Nations. |
| 610 20 - SUBJECT ADDED ENTRY--CORPORATE NAME | |
| Corporate name or jurisdiction name as entry element | League of Nations. |
| 650 #0 - SUBJECT ADDED ENTRY--TOPICAL TERM | |
| Topical term or geographic name entry element | World politics. |
| 650 #0 - SUBJECT ADDED ENTRY--TOPICAL TERM | |
| Topical term or geographic name entry element | World War, 1914-1918 |
| General subdivision | Influence. |
| 651 #0 - SUBJECT ADDED ENTRY--GEOGRAPHIC NAME | |
| Geographic name | Europe |
| General subdivision | Politics and government |
| Chronological subdivision | 1918-1945. |
| 906 ## - LOCAL DATA ELEMENT F, LDF (RLIN) | |
| a | 7 |
| b | cbc |
| c | oclcrpl |
| d | u |
| e | ncip |
| f | 19 |
| g | y-gencatlg |
| 942 ## - ADDED ENTRY ELEMENTS (KOHA) | |
| Koha item type | Books |
| Classification part | D443 |
| Item part | CAR 2002 |
| Call number prefix | author |
| Withdrawn status | Lost status | Source of classification or shelving scheme | Damaged status | Not for loan | Collection code | Home library | Current library | Shelving location | Date acquired | Total Checkouts | Full call number | Barcode | Date last seen | Copy number | Price effective from | Koha item type |
|---|---|---|---|---|---|---|---|---|---|---|---|---|---|---|---|---|
| Library of Congress Classification | Non-fiction | Mashava Campus Library | Mashava Campus Library | General Stacks | 05/05/2021 | D443 CAR 2002 | B017082 | 05/05/2021 | c . 1 | 05/05/2021 | Books | |||||
| Library of Congress Classification | Non-fiction | Mashava Campus Library | Mashava Campus Library | General Stacks | 05/05/2021 | D443 CAR | 001627 | 05/05/2021 | c . 2 | 05/05/2021 | Books |